Nelson Textbook of Pediatrics/ (Record no. 1668)

MARC details
000 -LEADER
Fixed length control field 00526nam a2200193 4500
003 - CONTROL NUMBER IDENTIFIER
Control field IIN
005 - DATE AND TIME OF LATEST TRANSACTION
Control field 20240618132820.0
008 - FIXED-LENGTH DATA ELEMENTS--GENERAL INFORMATION
Fixed length control field 240618b |||||||| |||| 00| 0 eng d
020 ## - INTERNATIONAL STANDARD BOOK NUMBER / ISBN
International Standard Book Number 9780323529501
Price 6820.00
040 ## - CATALOGING SOURCE
Original cataloging agency IIN
Language of cataloging ENG
082 ## - DEWEY DECIMAL CLASSIFICATION NUMBER
Classification number 610.7362
Book Number KLI
100 1# - MAIN ENTRY--PERSONAL NAME
Personal name Kliegman, Robert M.
245 1# - TITLE STATEMENT
Title Nelson Textbook of Pediatrics/
Statement of responsibility Robert M. Kliegman...[et al]
250 ## - EDITION STATEMENT
Edition statement 21st ed
260 ## - IMPRINT
Name of publisher Elsevier
Place of publication Philadelphia
Date of publication 2020
300 ## - PHYSICAL DESCRIPTION
Page / Vol. No lxxv, 1901-3827p. / Vol.2
650 1# - SUBJECT ADDED ENTRY--TOPICAL TERM
Topical term Pediatric
Form subdivision Nursing
942 ## - ADDED ENTRY ELEMENTS (KOHA)
Koha item type Books
Holdings
Withdrawn status Lost status Source of classification Damaged status Not for loan Collection code Home library Current library Date acquired Price Total Checkouts Call number Accession number Date last seen Copy number Price effective from Koha item type
    Dewey Decimal Classification     Purches Book(set price) IDEAL INSTITUTE OF NURSING IDEAL INSTITUTE OF NURSING 04/04/2024 6820.00   610.7362 KLI 1671 18/06/2024 Vol.2 18/06/2024 Books
    Dewey Decimal Classification     Purches Book(set price) IDEAL INSTITUTE OF NURSING IDEAL INSTITUTE OF NURSING 04/04/2024 6820.00   610.7362 KLI 1672 18/06/2024 Vol.2 18/06/2024 Books
© Ideal Institute Of Nursing, All rights reserved.         Powered by Koha